000 00331nam a22001217a 4500
008 160421b xxu||||| |||| 00| 0 eng d
020 _a9780131700260
020 _a013170026
041 _aeng
080 _a618.2
245 _aMaternal Newborn nursing care;
_cPatrica A.Wieland ;Marica L.London;Michele R.Davidson;
942 _2udc
_cBK
999 _c1496
_d1496